000 00691cam a2200229u 4500
999 _c219540
_d219540
001 7449966
003 Nust
005 20170213162835.0
008 820428s1954 nyu 000 0 eng
010 _a 54005249
020 _a9788129108692
040 _aDLC
_cCarP
_dDLC
050 0 0 _aPZ4.O85
_bDo 2
_aPR6057.O714
082 _a823.91
_bGOR
100 1 _aGordon, Richard,
_d1921-
245 1 0 _aDoctor at sea.
260 _aNew York,
_bHarcourt, Brace
_c2010
300 _a210 p.
_c22 cm.
650 0 _aPhysicians
_vFiction.
655 7 _aHumorous fiction.
_2gsafd
655 7 _aSea stories.
_2gsafd
906 _a0
_bcbc
_cpremunv
_du
_encip
_f19
_gy-gencatlg
942 _2ddc
_cBK